000
00267nam a2200097Ia 4500
001
654834
005
20250826154525.0
008
250824s9999 xx 000 0 und d
245
0
_a
KURTULUŞUN KAHRAMANLARI 17 TAYYAR RAHİME
_c
İSMAİL BİLGİN
260
_b
TİMAŞ ÇOCUK
999
_c
654834
_d
654834